Państwa z największą wolnością słowa - Statystyki

Ogólne statystyki
  • Ten quiz został rozwiązany 93 razy
  • Średni wynik to 14 z 20
Statystyki odpowiedzi
Wskaźnik Państwo % Poprawnych
7.84 Norwegia
95%
12.16 Niemcy
93%
9.25 Szwecja
93%
8.13 Dania
91%
15.29 Kanada
91%
7.93 Finlandia
90%
15.12 Islandia
88%
10.62 Szwajcaria
87%
15.78 Austria
82%
9.96 Holandia
82%
12.57 Belgia
80%
12.60 Irlandia
79%
15.46 Luksemburg
72%
10.69 Nowa Zelandia
68%
11.83 Portugalia
68%
12.61 Estonia
66%
10.53 Kostaryka
18%
15.79 Urugwaj
17%
10.51 Jamajka
15%
17.50 Surinam
9%
Nie znaleziono quizów pasujących do podanych kryteriów
Rozkład punktacji
Procent ludzi z każdym wynikiem
Percentyl według liczby udzielonych odpowiedzi
Twoja historia wyników
Nie rozwiązałeś tego quizu